<?xml version="1.0" encoding="UTF-8"?>
<record
    xmlns:xsi="http://www.w3.org/2001/XMLSchema-instance"
    xsi:schemaLocation="http://www.loc.gov/MARC21/slim http://www.loc.gov/standards/marcxml/schema/MARC21slim.xsd"
    xmlns="http://www.loc.gov/MARC21/slim">

  <leader>03127nam a2200253   4500</leader>
  <controlfield tag="003">NALT</controlfield>
  <controlfield tag="005">20251114101808.0</controlfield>
  <controlfield tag="008">251111b        th ||||| |||| 00| 0 tha d</controlfield>
  <datafield tag="040" ind1=" " ind2=" ">
    <subfield code="a">NALT</subfield>
  </datafield>
  <datafield tag="050" ind1=" " ind2=" ">
    <subfield code="a">QR 177</subfield>
    <subfield code="b">&#xE2B;233&#xE01; 2565</subfield>
  </datafield>
  <datafield tag="100" ind1="0" ind2=" ">
    <subfield code="a">&#xE2B;&#xE22;&#xE32;&#xE14;&#xE1E;&#xE34;&#xE23;&#xE38;&#xE13; &#xE28;&#xE34;&#xE23;&#xE34;.</subfield>
    <subfield code="9">66973</subfield>
  </datafield>
  <datafield tag="245" ind1="1" ind2=" ">
    <subfield code="a">&#xE01;&#xE32;&#xE23;&#xE14;&#xE37;&#xE49;&#xE2D;&#xE22;&#xE32;&#xE01;&#xE25;&#xE38;&#xE48;&#xE21;&#xE04;&#xE32;&#xE23;&#xE4C;&#xE1A;&#xE32;&#xE1E;&#xE35;&#xE40;&#xE19;&#xE21;&#xE02;&#xE2D;&#xE07;&#xE41;&#xE1A;&#xE04;&#xE17;&#xE35;&#xE40;&#xE23;&#xE35;&#xE22; Enterobacteriaceae &#xE43;&#xE19;&#xE23;&#xE30;&#xE1A;&#xE1A;&#xE1A;&#xE33;&#xE1A;&#xE31;&#xE14;&#xE19;&#xE49;&#xE33;&#xE40;&#xE2A;&#xE35;&#xE22;&#xE02;&#xE2D;&#xE07;&#xE42;&#xE23;&#xE07;&#xE1E;&#xE22;&#xE32;&#xE1A;&#xE32;&#xE25;&#xE15;&#xE15;&#xE34;&#xE22;&#xE20;&#xE39;&#xE21;&#xE34;&#xE41;&#xE2B;&#xE48;&#xE07;&#xE2B;&#xE19;&#xE36;&#xE48;&#xE07;&#xE43;&#xE19;&#xE20;&#xE32;&#xE04;&#xE43;&#xE15;&#xE49;&#xE02;&#xE2D;&#xE07;&#xE1B;&#xE23;&#xE30;&#xE40;&#xE17;&#xE28;&#xE44;&#xE17;&#xE22; = </subfield>
    <subfield code="b">Carbapenem-resistant Enterobacteriaceae in wastewater treatment plant system in a tertiary hospital in southern Thailand /</subfield>
    <subfield code="c">&#xE2B;&#xE22;&#xE32;&#xE14;&#xE1E;&#xE34;&#xE23;&#xE38;&#xE13; &#xE28;&#xE34;&#xE23;&#xE34;.</subfield>
  </datafield>
  <datafield tag="260" ind1=" " ind2=" ">
    <subfield code="a">&#xE19;&#xE04;&#xE23;&#xE28;&#xE23;&#xE35;&#xE18;&#xE23;&#xE23;&#xE21;&#xE23;&#xE32;&#xE0A; : </subfield>
    <subfield code="b">&#xE21;&#xE2B;&#xE32;&#xE27;&#xE34;&#xE17;&#xE22;&#xE32;&#xE25;&#xE31;&#xE22;&#xE27;&#xE25;&#xE31;&#xE22;&#xE25;&#xE31;&#xE01;&#xE29;&#xE13;&#xE4C;,  </subfield>
    <subfield code="c">2565. </subfield>
  </datafield>
  <datafield tag="300" ind1=" " ind2=" ">
    <subfield code="a">132 &#xE2B;&#xE19;&#xE49;&#xE32; : </subfield>
    <subfield code="b">&#xE20;&#xE32;&#xE1E;&#xE1B;&#xE23;&#xE30;&#xE01;&#xE2D;&#xE1A;, &#xE15;&#xE32;&#xE23;&#xE32;&#xE07;, &#xE41;&#xE1C;&#xE19;&#xE20;&#xE39;&#xE21;&#xE34; ; </subfield>
    <subfield code="c">30 &#xE0B;&#xE21;.</subfield>
    <subfield code="e">+ &#xE0B;&#xE35;&#xE14;&#xE35;-&#xE23;&#xE2D;&#xE21; 1 &#xE41;&#xE1C;&#xE48;&#xE19;.</subfield>
  </datafield>
  <datafield tag="505" ind1="2" ind2=" ">
    <subfield code="a">&#xE1A;&#xE17;&#xE17;&#xE35;&#xE48; 1 &#xE1A;&#xE17;&#xE19;&#xE33; --
&#xE1A;&#xE17;&#xE17;&#xE35;&#xE48; 2 &#xE01;&#xE32;&#xE23;&#xE17;&#xE1A;&#xE17;&#xE27;&#xE19;&#xE27;&#xE23;&#xE23;&#xE13;&#xE01;&#xE23;&#xE23;&#xE21; --
2.1 &#xE1A;&#xE23;&#xE34;&#xE1A;&#xE17;&#xE02;&#xE2D;&#xE07;&#xE1E;&#xE37;&#xE49;&#xE19;&#xE17;&#xE35;&#xE48;&#xE28;&#xE36;&#xE01;&#xE29;&#xE32; --
2.2 &#xE2A;&#xE16;&#xE32;&#xE19;&#xE01;&#xE32;&#xE23;&#xE13;&#xE4C;&#xE40;&#xE0A;&#xE37;&#xE49;&#xE2D;&#xE14;&#xE37;&#xE49;&#xE2D;&#xE22;&#xE32;&#xE43;&#xE19;&#xE19;&#xE49;&#xE33;&#xE40;&#xE2A;&#xE35;&#xE22;&#xE42;&#xE23;&#xE07;&#xE1E;&#xE22;&#xE32;&#xE1A;&#xE32;&#xE25; --
2.3 &#xE01;&#xE0E;&#xE2B;&#xE21;&#xE32;&#xE22;&#xE40;&#xE1A;&#xE37;&#xE49;&#xE2D;&#xE07;&#xE15;&#xE49;&#xE19;&#xE40;&#xE01;&#xE35;&#xE48;&#xE22;&#xE27;&#xE01;&#xE31;&#xE1A;&#xE23;&#xE30;&#xE1A;&#xE1A;&#xE1A;&#xE33;&#xE1A;&#xE31;&#xE14;&#xE19;&#xE49;&#xE33;&#xE40;&#xE2A;&#xE35;&#xE22;&#xE02;&#xE2D;&#xE07;&#xE42;&#xE23;&#xE07;&#xE1E;&#xE22;&#xE32;&#xE1A;&#xE32;&#xE25; --
2.4 &#xE41;&#xE19;&#xE27;&#xE04;&#xE34;&#xE14;&#xE41;&#xE25;&#xE30;&#xE17;&#xE24;&#xE29;&#xE0E;&#xE35;&#xE17;&#xE35;&#xE48;&#xE40;&#xE01;&#xE35;&#xE48;&#xE22;&#xE27;&#xE02;&#xE49;&#xE2D;&#xE07;&#xE01;&#xE31;&#xE1A;&#xE01;&#xE32;&#xE23;&#xE14;&#xE37;&#xE49;&#xE2D;&#xE22;&#xE32; --
2.5 &#xE01;&#xE32;&#xE23;&#xE41;&#xE1E;&#xE23;&#xE48;&#xE01;&#xE23;&#xE30;&#xE08;&#xE32;&#xE22; &#xE41;&#xE25;&#xE30;&#xE01;&#xE32;&#xE23;&#xE23;&#xE31;&#xE1A;&#xE2A;&#xE31;&#xE21;&#xE1C;&#xE31;&#xE2A;&#xE40;&#xE0A;&#xE37;&#xE49;&#xE2D;&#xE14;&#xE37;&#xE49;&#xE2D;&#xE22;&#xE32;&#xE43;&#xE19;&#xE2A;&#xE34;&#xE48;&#xE07;&#xE41;&#xE27;&#xE14;&#xE25;&#xE49;&#xE2D;&#xE21; --
2.6 &#xE40;&#xE17;&#xE04;&#xE42;&#xE19;&#xE42;&#xE25;&#xE22;&#xE35;&#xE01;&#xE31;&#xE1A;&#xE1B;&#xE23;&#xE30;&#xE2A;&#xE34;&#xE17;&#xE18;&#xE34;&#xE20;&#xE32;&#xE1E;&#xE01;&#xE32;&#xE23;&#xE1A;&#xE33;&#xE1A;&#xE31;&#xE14;&#xE40;&#xE0A;&#xE37;&#xE49;&#xE2D;&#xE14;&#xE37;&#xE49;&#xE2D;&#xE22;&#xE32;&#xE43;&#xE19;&#xE19;&#xE49;&#xE33;&#xE40;&#xE2A;&#xE35;&#xE22; --
2.7 &#xE27;&#xE34;&#xE18;&#xE35;&#xE01;&#xE32;&#xE23;&#xE17;&#xE14;&#xE2A;&#xE2D;&#xE1A;&#xE04;&#xE27;&#xE32;&#xE21;&#xE44;&#xE27;&#xE15;&#xE48;&#xE2D;&#xE22;&#xE32;&#xE1B;&#xE0F;&#xE34;&#xE0A;&#xE35;&#xE27;&#xE19;&#xE30; --
2.8 &#xE41;&#xE19;&#xE27;&#xE17;&#xE32;&#xE07;&#xE1B;&#xE49;&#xE2D;&#xE07;&#xE01;&#xE31;&#xE19;&#xE01;&#xE32;&#xE23;&#xE41;&#xE1E;&#xE23;&#xE48;&#xE01;&#xE23;&#xE30;&#xE08;&#xE32;&#xE22;&#xE40;&#xE0A;&#xE37;&#xE49;&#xE2D;&#xE14;&#xE37;&#xE49;&#xE2D;&#xE22;&#xE32;&#xE43;&#xE19;&#xE19;&#xE49;&#xE33;&#xE40;&#xE2A;&#xE35;&#xE22;&#xE42;&#xE23;&#xE07;&#xE1E;&#xE22;&#xE32;&#xE1A;&#xE32;&#xE25; --
2.9 &#xE07;&#xE32;&#xE19;&#xE27;&#xE34;&#xE08;&#xE31;&#xE22;&#xE17;&#xE35;&#xE48;&#xE40;&#xE01;&#xE35;&#xE48;&#xE22;&#xE27;&#xE02;&#xE49;&#xE2D;&#xE07; --
&#xE1A;&#xE17;&#xE17;&#xE35;&#xE48; 3 &#xE27;&#xE34;&#xE18;&#xE35;&#xE01;&#xE32;&#xE23;&#xE27;&#xE34;&#xE08;&#xE31;&#xE22; --
&#xE1A;&#xE17;&#xE17;&#xE35;&#xE48; 4 &#xE1C;&#xE25;&#xE01;&#xE32;&#xE23;&#xE27;&#xE34;&#xE08;&#xE31;&#xE22;&#xE41;&#xE25;&#xE30;&#xE01;&#xE32;&#xE23;&#xE2D;&#xE20;&#xE34;&#xE1B;&#xE23;&#xE32;&#xE22;&#xE1C;&#xE25; --
&#xE1A;&#xE17;&#xE17;&#xE35;&#xE48; 5 &#xE2A;&#xE23;&#xE38;&#xE1B;&#xE01;&#xE32;&#xE23;&#xE27;&#xE34;&#xE08;&#xE31;&#xE22; &#xE02;&#xE49;&#xE2D;&#xE08;&#xE33;&#xE01;&#xE31;&#xE14;&#xE41;&#xE25;&#xE30;&#xE02;&#xE49;&#xE2D;&#xE40;&#xE2A;&#xE19;&#xE2D;&#xE41;&#xE19;&#xE30;.</subfield>
  </datafield>
  <datafield tag="650" ind1=" " ind2="4">
    <subfield code="a">&#xE01;&#xE32;&#xE23;&#xE14;&#xE37;&#xE49;&#xE2D;&#xE22;&#xE32;&#xE43;&#xE19;&#xE08;&#xE38;&#xE25;&#xE34;&#xE19;&#xE17;&#xE23;&#xE35;&#xE22;&#xE4C;</subfield>
    <subfield code="9">67014</subfield>
  </datafield>
  <datafield tag="650" ind1=" " ind2="4">
    <subfield code="a">&#xE41;&#xE1A;&#xE04;&#xE17;&#xE35;&#xE40;&#xE23;&#xE35;&#xE22;&#xE01;&#xE48;&#xE2D;&#xE42;&#xE23;&#xE04;</subfield>
    <subfield code="9">67015</subfield>
  </datafield>
  <datafield tag="650" ind1=" " ind2="4">
    <subfield code="a">&#xE19;&#xE49;&#xE33;&#xE40;&#xE2A;&#xE35;&#xE22;</subfield>
    <subfield code="x">&#xE01;&#xE32;&#xE23;&#xE1B;&#xE19;&#xE40;&#xE1B;&#xE37;&#xE49;&#xE2D;&#xE19;&#xE02;&#xE2D;&#xE07;&#xE08;&#xE38;&#xE25;&#xE34;&#xE19;&#xE17;&#xE23;&#xE35;&#xE22;&#xE4C;</subfield>
    <subfield code="9">67016</subfield>
  </datafield>
  <datafield tag="942" ind1=" " ind2=" ">
    <subfield code="2">lcc</subfield>
    <subfield code="c">RSH</subfield>
  </datafield>
  <datafield tag="996" ind1=" " ind2=" ">
    <subfield code="a">jidapa.t</subfield>
    <subfield code="b">ACQSTF</subfield>
    <subfield code="c">2025-11-11</subfield>
  </datafield>
  <datafield tag="996" ind1=" " ind2=" ">
    <subfield code="a">varee.k</subfield>
    <subfield code="b">LIBSTF</subfield>
    <subfield code="c">2025-11-12</subfield>
  </datafield>
  <datafield tag="996" ind1=" " ind2=" ">
    <subfield code="a">jamriang.p</subfield>
    <subfield code="b">CATSTF	</subfield>
    <subfield code="c">2025-11-13</subfield>
  </datafield>
  <datafield tag="999" ind1=" " ind2=" ">
    <subfield code="c">107476</subfield>
    <subfield code="d">107476</subfield>
  </datafield>
  <datafield tag="998" ind1=" " ind2=" ">
    <subfield code="j">6650</subfield>
    <subfield code="k"> &#xE19;&#xE32;&#xE07;&#xE2A;&#xE32;&#xE27;&#xE27;&#xE32;&#xE23;&#xE35;  &#xE40;&#xE01;&#xE15;&#xE38;&#xE42;&#xE09;&#xE21;</subfield>
  </datafield>
  <datafield tag="952" ind1=" " ind2=" ">
    <subfield code="0">0</subfield>
    <subfield code="1">0</subfield>
    <subfield code="2">lcc</subfield>
    <subfield code="4">0</subfield>
    <subfield code="7">0</subfield>
    <subfield code="8">CRSH</subfield>
    <subfield code="a">NALT</subfield>
    <subfield code="b">NALT</subfield>
    <subfield code="c">RSH</subfield>
    <subfield code="d">2025-11-11</subfield>
    <subfield code="l">0</subfield>
    <subfield code="o">&#xE27; QR 177 &#xE2B;233&#xE01; 2565</subfield>
    <subfield code="p">3961215806</subfield>
    <subfield code="r">2025-11-11 00:00:00</subfield>
    <subfield code="w">2025-11-11</subfield>
    <subfield code="y">RSH</subfield>
  </datafield>
</record>
